000 00835nam2a22002411 4500
001 v19\rc\1220810
005 20060306171934.7
035 _a(NLR Aleph) 004382993
090 _a3651403
_c3651403
100 _a20060306d1875 |||y0rusy50 ca
101 0 _arus
102 _aRU
105 _ay z |||||
200 1 _aПравила счетоводства и отчетности с образцами
_fСост. Пр. Пр. Матвеев
210 _d1875
215 _a99 с.
461 0 _1001v19\rc\1220808
_12001#$aСельские ссудо-сберегательные товарищества$eВып. 1-2$vВып. 2$90
702 1 _aМатвеев
_bП. П.
_gПрохор Прохорович
_4220
801 0 _aRU
_bNLR
_gpsbo
801 1 _aRU
_bProSoft-M
_2rusmarc
852 _aNLR
_j18.124.7.14
942 _cBOOK
980 _aNB